Представление документа в формате RUSMARC

ПолеНазваниеЗначение
  Тип записи i
  Библиографический уровень m
001 Контрольный номер EL/0000196940
005 Дата корректировки 20201206205012.3
010 Индекс ISBN __
a ISBN (в кор.)
d Цена 149-75
100 Данные общей обработки __
a Данные общей обработки 19160526d2006||||||| 0rusy0189 ca
101 Язык документа 0_
a Язык текста eng
102 Страна публикации __
a Страна публикации ru
105 Кодированные данные (монография) __
a Кодированные данные (монография) |||||||||f|zy
127 Кодированные данные (звукозаписи-физические характеристики) __
a Продолжительность проигрывания 04 ч 10 мин
200 Заглавие и сведения об ответственности 1_
a Заглавие The strange case of Dr. Jekyll and Mr. Hyde
e Сведения, относящиеся к заглавию [аудиокнига : 12+]
f Первые сведения об ответственности Robert Louis Stevenson ; read by Benjamin Sargent
b Общее обозначение материала Звукозапись
200 Заглавие и сведения об ответственности __
d Параллельное заглавие Странный случай с доктором Джекилем и мистером Хайдом
210 Выходные данные __
a Место издания Москва
c Издательство АРДИС
d Дата издания 2006
215 Физическое описание __
a Объем 1 электрон. опт. диск (CD-ROM)
c Иллюстрации/тип воспроизводства mp3, mono
d Формат 12х14 см
225 Серия __
a Серия Литература на иностранных языках
230 Специфическая характеристика материала: электронные ресурсы __
a Обозначение и объем ресурса Электронные звуковые данные
300 Общие примечания __
a Общие примечания Заглавие с этикетки диска
300 Общие примечания __
a Общие примечания Текст на английском языке
323 Примечание о главных создателях, исполнителях, участниках __
a Примечание о главных создателях, исполнителях, участниках Sargent, B. (читает)
330 Аннотация __
a Аннотация Роберт Луис Стивенсон - английский писатель шотландского происхождения. Широко известен как автор романа "Остров сокровищ". Обладал поистине уникальным литературным дарованием: он писал на самые разные темы и в самых разных жанрах. Что могло бы связать добропорядочного Генри Джекиля с порочным уродливым карликом Эдвардом Хайдом? И где вообще обитает этот злодей и убийца Хайд? Эти два вопроса и странные события, разворачивающиеся при участии этих двух персон, никого не оставят равнодушным. Безотчетный ужас навевают запутанные происшествия повести "Странный случай с доктором Джекилем и мистером Хайдом". В заключении дневник Джекиля, полный жутких подробностей, прояснит трагическую гибель своего автора. Сам же Стивенсон писал о своем произведении, отправляя экземпляр американскому художнику Уильяму Г. Лоу: "Посылаю Вам готического карлика… думаю, что этот карлик небезынтересен, он вышел из глубины моего существа, где сторожит фонтан слез".
333 Примечание о целевом назначении __
a Примечание о целевом назначении 12+. Для детей старше 12 лет
337 Примечание о системных требованиях (электронные ресурсы) __
a Примечание о системных требованиях (электронные ресурсы) Системные требования: MS Windows ; Pentium 100 ; RAM 16 Mb; CD-ROM; SVGA 800x600; звуковая карта; аудиосистемы с поддержкой MP3
517 Другие варианты заглавия __
a Другие варианты заглавия Странная история доктора Джекила и мистера Хайда
517 Другие варианты заглавия __
a Другие варианты заглавия The strange case of Dr. Jekyll and Mr. Hyde
606 Тематические рубрики __
a Основная рубрика Художественная литература
606 Тематические рубрики __
a Основная рубрика Литература Европы (произведения)
610 Ключевые слова __
a Ключевые слова английская литература
a Ключевые слова английский язык
a Ключевые слова зарубежная литература
a Ключевые слова иностранная литература
a Ключевые слова тема добра и зла
a Ключевые слова тема приключений
a Ключевые слова тема фантастики
a Ключевые слова фантастика
a Ключевые слова фантастические повести
686 Индексы других классификаций __
2 Код системы rubbks
a Классификационный индекс 84(4Вел)52-445я04
700 Автор _1
a Фамилия Stevenson
b Имя R. L.
f Даты 1850-1894
g Полное личное имя Robert Louis
4 Код отношения 070
790 Имя лица - альтернативная форма __
a Имя лица - альтернативная форма Стивенсон, Р. Л.
801 Источник записи _0
a Страна ru
b Организация Муниципальное бюджетное учреждение культуры "Централизованная библиотечная система" г. Сургут (Центральная городская библиотека им. А. С. Пушкина)
c Дата составления 20160526
g Правила каталогизации КиК/Лукашук
801 Источник записи _1
a Страна ru
b Организация Муниципальное бюджетное учреждение культуры "Централизованная библиотечная система" г. Сургут (Центральная городская библиотека им. А. С. Пушкина)
c Дата составления 20160526
g Правила каталогизации КиК/Лукашук
852 Данные о местонахождении __
j Шифр хранения 84(4Вел)52-445я04
i Авторский знак S 84
901 Тип документа __
t Тип документа 0
903 Характеристики (МАРС) __
a Дата передачи 20160526
969 Тип издания __
a Тип издания аудиокнига; издание для слепых
990 Данные о заказе (DOS) __
j Количество экземпляров (DOS) 1
t N записи в КСУ для И/У (DOS) 201606